|
|
|
|
| LEADER |
01095nab a2200241 i 4500 |
| 001 |
tort21 |
| 005 |
20220207121421.0 |
| 008 |
211127s1971 hu o 0|| zxx d |
| 022 |
|
|
|a 0133-0500
|
| 040 |
|
|
|a PEREPO TORTENET
|b hun
|
| 041 |
|
|
|a zxx
|
| 245 |
0 |
0 |
|a Párt- és KISZ-alapszervezet alakult a Számviteli Főiskola zalaegerszegi tagozatán
|h [elektronikus dokumentum]
|
| 260 |
|
|
|a Zalai Hírlap Kiadói Bt.
|b Zalaegerszeg, Magyarország
|c 1971-09-23
|
| 300 |
|
|
|a 1
|
| 300 |
|
|
|a 9-9
|
| 490 |
0 |
|
|a Zalai Hírlap
|v 27. No. 209
|
| 695 |
|
|
|a Magyar Kommunista Ifjúsági Szövetség - KISZ
|
| 695 |
|
|
|a Pénzügyi és Számviteli Főiskola Zalaegerszegi Intézete - PSZF ZI
|
| 695 |
|
|
|a Ábrahám István
|
| 695 |
|
|
|a Maczák Judit
|
| 695 |
|
|
|a Gresa István
|
| 695 |
|
|
|a Párt- és KISZ-alapszervezet
|
| 856 |
4 |
0 |
|u https://perepo-tortenet.uni-pannon.hu/id/eprint/21/1/1971-09-23_zalai_h%C3%ADrlap_P%C3%A1rt-%20%C3%A9s%20KISZ%20-alapszervezet%20alakult%20a%20Sz%C3%A1mviteli%20F%C5%91iskola%20zalaegerszegi%20tagozat%C3%A1n%20%2827.%20%C3%A9vf.%20209.%20sz.%2C%20p.%209.%29.pdf
|z Dokumentum-elérés
|